000 00517nam a2200193Ia 4500
008 101110s9999 xx 000 0 und d
041 _aENGLISH
082 _bSR13755
100 _aParkinson, Rustamji, Veira
245 _aMarketing : Key to business success To-day
365 _b25
520 _aCommerce
546 _aENGLISH
630 _aMarketing : Key to business success To-day
650 _aCommerce
655 _aCommerce
730 _aMarketing : Key to business success To-day
942 _cBOOK
999 _c807899
_d807896